| 000 | 00545nam a2200145Ia 4500 | ||
|---|---|---|---|
| 008 | 170221s9999 xx 000 0 und d | ||
| 100 | _aElena Yu | ||
| 245 | _aMethodology for Collaborative Management of Makarenko and Adizes | ||
| 245 | _cElena Yu. Ilaltdinova, Irina V. Lebedeva, Svetlana V. Frolova, Ramila U. Arifulina, Sergey I. Aksenov | ||
| 260 | _bInternational Review of Management and Marketing | ||
| 260 | _cMay 2013 | ||
| 300 | _a2:2 | ||
| 650 | _xMarketing. | ||
| 856 | _uhttp://www.econjournals.com/index.php/irmm/issue/view/83 | ||
| 999 |
_c310274 _d310274 |
||